Saltar al contenido
Inicio
Centros participantes
Catálogo
Servicios
Contacto
כניסה לחשבון
English
Deutsch
Español
Français
Italiano
日本語
Nederlands
Português
Português (Brasil)
中文(简体)
中文(繁體)
Türkçe
עברית
Gaeilge
Cymraeg
Ελληνικά
Català
Euskara
Русский
Čeština
Suomi
Svenska
polski
Dansk
slovenščina
اللغة العربية
বাংলা
Galego
Tiếng Việt
Hrvatski
हिंदी
Հայերէն
Українська
Sámegiella
שפה
כל השדות
כותר
מחבר
נושא
סימן המיקום
ISBN/ISSN
תג
מצא
מתקדם
Nación y nacionalidad en la fo...
יצירת מראה מקום
שלח את זה
הדפסה
יצוא רשומה
יצוא אל RefWorks
יצוא אל EndNoteWeb
יצוא אל EndNote
הוספה למועדפים
Enlace Permanente
Agregar primera valuación
Nación y nacionalidad en la formación del estado costarricense (apuntes para una discusión)
שמור ב:
מידע ביבליוגרפי
מחבר ראשי:
Vega Carballo, José Luis
פורמט:
Texto
יצא לאור:
San Pedro de M. de O.:
UCR. IIS
תגים:
הוספת תג
אין תגיות, היה/י הראשונ/ה לתייג את הרשומה!
מלאי ספרים
תיאור
הערות
פריטים דומים
תצוגת צוות
MARC
LEADER
00000 a a2200000 04500
001
15039
003
040
|a
CRAI/IIS
|c
CRAI/IIS
090
|a
023800
100
|a
Vega Carballo, José Luis
245
|a
Nación y nacionalidad en la formación del estado costarricense (apuntes para una discusión)
260
|a
San Pedro de M. de O.:
|b
UCR. IIS
300
|a
69 p.
999
|c
17472
|d
17472
פריטים דומים
Adquisición de tecnología por parte de las empresas públicas costarricenses /
מאת: Del Bello Guillén, Juan Carlos
Desarrollo tecnológico y transferencia de tecnología en el agro costarricense. Proyecto de Investigación
Costa Rica: evolución histórica de una democracia
מאת: Aguilar Bulgarelli, Oscar
Taller de coyuntura: política de salud 1978 - 81
מאת: Díaz Naranjo, José Luis
Patentes de invención y monopolio de importación: el caso del propanil